| 000 | 00580nam a2200193Ia 4500 | ||
|---|---|---|---|
| 008 | 120829t1965 xxu||||| |||| 00| 0 sin d | ||
| 041 | _asin | ||
| 080 |
_a8 S. 03 : 820 - 31 _bDOU |
||
| 100 | _aDouglas,Lloyd C. | ||
| 245 | _aමහා ධීවරයාණෝ | ||
| 246 | _aMaha Dheevarayano | ||
| 260 |
_aM. D. Gunasena _aColombo _c1965 |
||
| 300 | _b439p, ill, 18 cm | ||
| 500 | _aSinhalese Translation of Lloyd C. Douglas's of The Big Fisherman | ||
| 700 |
_aDasanayaka Piyathuma,D. A. _etr. |
||
| 942 | _cBK | ||
| 999 |
_c39599 _d39599 |
||
| 003 | LK-CoDNM | ||
| 040 |
_aLK-CoDNM _dLK-CoDNM _eLK-CoDNM |
||